000 00622nam a2200205 i 4500
001 146786
003 ES-MaACL
005 20231114062540.0
007 t|
008 070917s1958 sp ||||1| spa d
100 1 _aTrilling, Lionel.
_9111429
245 1 0 _aA la mitad del camino /
_cLionel Trilling ; versión española de Caridad Marín.
260 _aBarcelona :
_bSeix Barral,
_c1958.
300 _a405 p. ;
_c18 cm.
490 1 _aBiblioteca breve
700 1 _aMarín, Caridad.
_976738
830 0 _aBiblioteca breve (Seix Barral)
_9227188
852 _aES-MaACL
_jC-16361
_bR.43208
999 _c146786
_d146786